Радянська практика професійної підготовки вчителя в Острозькому педагогічному училищі (1939–1941, 1944–1956 РР.) (Запис № 570359)

МАРК-запис
000 -Лідер
fixed length control field 00892nam a22001937a 4500
003 - Ідентифікатор контрольного номера
control field UA-OsUOA
005 - Дата та час останнього входження (трансакції)
control field 20210311182557.0
008 - Елементи даних фіксованої довжини – загальна інформація
fixed length control field 210311b un ||||| |||| 00| 0 ukr d
040 ## - Джерело каталогізації
Агенція оригінальної каталогізації UA-OsUOA
Мова каталогізації ukr
Агенція, яка здійснювала перезапис UA-OsUOA
Агенція, яка здійснювала модифікацію UA-OsUOA
041 ## - Код мови
Код мови тексту/ звукової доріжки чи окремого заголовка (П) ukr
080 ## - Індекс Універсальної десяткової класифікації
Індекс Універсальної десяткової класифікації (УДК) (НП) 908
090 ## - Локальний шифр розміщення
Класифікаційний індекс УДК 908
100 ## - Основне введення – ім’я особи
Ім’я особи (НП) Доброчинська В.
245 ## - Відомості про назву
Назва (НП) Радянська практика професійної підготовки вчителя в Острозькому педагогічному училищі (1939–1941, 1944–1956 РР.)
Решта назви (НП) Валентина Доброчинська
300 ## - Фізичний опис
Обсяг С. 36-41
650 ## - Додаткове предметне введення – тематичний термін
Джерело заголовка чи терміна UDC
773 0# - Введення хост-одиниці (П)
Бібліонома 570282
Host Itemnumber 462359
Місце, видавець та дата видання (НП) Вид-во НаУОА 2020 Острог
Інший ідентифікатор одиниці опису 163313
Назва (НП) Наукові записки Національного університету "Острозької академія". Серія "Історичні науки"
942 ## - Додаткові елементи входу (Коха)
Source of classification or shelving scheme Universal Decimal Classification
Тип елемента Koha Складова частина документа

Немає доступних примірників.